Online
Catalog

El mundo del nuevo testamento : (Record no. 20389)

MARC details
000 -CABECERA
campo de control de longitud fija 00778nam a2200193 a 4500
001 - NÚMERO DE CONTROL
campo de control 000020886
005 - FECHA Y HORA DE LA ÚLTIMA TRANSACCIÓN
campo de control 20200930011201.0
008 - DATOS DE LONGITUD FIJA--INFORMACIÓN GENERAL
campo de control de longitud fija 100821s|||| xxu r 000 0 spa d
040 ## - FUENTE DE LA CATALOGACIÓN
Centro catalogador/agencia de origen DO-SdBNP
Lengua de catalogación spa
Centro/agencia transcriptor BNPHU
082 ## - NÚMERO DE LA CLASIFICACIÓN DECIMAL DEWEY
Número de clasificación 225
Número de documento/Ítem D167m
049 ## - FONDOS LOCALES (OCLC)
Fondos de biblioteca BNGR
100 1# - ENTRADA PRINCIPAL--NOMBRE DE PERSONA
Nombre de persona Dana, H. E.,
9 (RLIN) 43776
245 13 - MENCIÓN DE TÍTULO
Título El mundo del nuevo testamento :
Resto del título Breve esquema de la historia y las condiciones que constituyeron el fondo del nuevo testamento /
Mención de responsabilidad, etc. H. E. Dana ; traducción de la tercera edición por Idelfonso Villarello.
260 ## - PUBLICACIÓN, DISTRIBUCIÓN, ETC.
Lugar de publicación, distribución, etc. El Paso, Texas :
Nombre del editor, distribuidor, etc. Casa Bautista de Publicaciones,
Fecha de publicación, distribución, etc. 19??
300 ## - DESCRIPCIÓN FÍSICA
Extensión 285 p. ;
Dimensiones 20 cm.
504 ## - NOTA DE BIBLIOGRAFÍA, ETC.
Nota de bibliografía, etc. Incluye referencias bibliográficas y notas al pie de las páginas.
650 #4 - PUNTO DE ACCESO ADICIONAL DE MATERIA--TÉRMINO DE MATERIA
Término de materia o nombre geográfico como elemento de entrada Biblia.
Subdivisión general N.t.
9 (RLIN) 34737
700 1# - PUNTO DE ACCESO ADICIONAL--NOMBRE DE PERSONA
Nombre de persona Villarello, Idelfonso,
Término indicativo de función/relación tr.
9 (RLIN) 43777
Holdings
Estado de retiro Estado de pérdida Restricciones de uso No para préstamo Código de colección Localización permanente Ubicación/localización actual Ubicación en estantería Fecha de adquisición Número de inventario Total de préstamos Signatura topográfica completa Código de barras Fecha visto por última vez Precio válido a partir de Tipo de ítem Koha
    Préstamo interno   Monografías: Libros y Folletos General General En catalogación 21.08.2010 LF1   225 D167m 20886-10 25.06.2020 25.06.2020 Préstamo interno

Powered by Koha